Labor through the century, 1833-1933. (Record no. 36106)

MARC details
000 -LEADER
fixed length control field 01523cam a22003251 4500
001 - CONTROL NUMBER
control field l 33000119
003 - CONTROL NUMBER IDENTIFIER
control field DLC
005 - DATE AND TIME OF LATEST TRANSACTION
control field 20260227111534.0
008 - FIXED-LENGTH DATA ELEMENTS--GENERAL INFORMATION
fixed length control field 790508s1933 dcua f000 0 eng c
010 ## - LIBRARY OF CONGRESS CONTROL NUMBER
LC control number l 33000119
035 ## - SYSTEM CONTROL NUMBER
System control number (OCoLC)4939472
040 ## - CATALOGING SOURCE
Original cataloging agency U.S. Dept. of Labor. Libr.
Transcribing agency NWM
Modifying agency OCoLC
-- DLC
042 ## - AUTHENTICATION CODE
Authentication code premarc
050 00 - LIBRARY OF CONGRESS CALL NUMBER
Classification number HD8501
Item number .A62
082 ## - DEWEY DECIMAL CLASSIFICATION NUMBER
Classification number 331.0973
110 1# - MAIN ENTRY--CORPORATE NAME
Corporate name or jurisdiction name as entry element United States.
Subordinate unit Bureau of Labor Statistics.
245 10 - TITLE STATEMENT
Title Labor through the century, 1833-1933.
Remainder of title An illustrated account as presented by the United States Department of Labor at the Century of Progress Exposition, Chicago, 1933.
Statement of responsibility, etc. Prepared by the Bureau of Labor Statistics of the United States Department of Labor.
260 ## - PUBLICATION, DISTRIBUTION, ETC.
Place of publication, distribution, etc. Washington,
Name of publisher, distributor, etc. U.S. Govt. print. off.,
Date of publication, distribution, etc. 1933.
300 ## - PHYSICAL DESCRIPTION
Extent ii, 45, [1] p.
Other physical details illus.
Dimensions 23 cm.
490 0# - SERIES STATEMENT
Series statement Bulletin ...
Volume/sequential designation no. 597
500 ## - GENERAL NOTE
General note Issued also as House doc. 160, 73d Cong., 2d sess.
500 ## - GENERAL NOTE
General note Another edition, without bulletin number, was issued for distribution at the Century of Progress Exposition.
500 ## - GENERAL NOTE
General note "Activities of the United States Department of Labor." - p. 41-45, [l]
500 ## - GENERAL NOTE
General note The second edition is issued as Bulletin no. 605.
650 #0 - SUBJECT ADDED ENTRY--TOPICAL TERM
Topical term or geographic name entry element Labor and laboring classes
Geographic subdivision United States.
650 #0 - SUBJECT ADDED ENTRY--TOPICAL TERM
Topical term or geographic name entry element Labor and laboring classes
General subdivision History.
610 10 - SUBJECT ADDED ENTRY--CORPORATE NAME
Corporate name or jurisdiction name as entry element United States.
Subordinate unit Department of Labor.
711 2# - ADDED ENTRY--MEETING NAME
Meeting name or jurisdiction name as entry element Century of Progress International Exposition
Date of meeting or treaty signing (1933-1934 :
Location of meeting Chicago, Ill.)
740 02 - ADDED ENTRY--UNCONTROLLED RELATED/ANALYTICAL TITLE
Uncontrolled related/analytical title Activities of the United States Department of Labor.

No items available.

Powered by Koha